000 00665cam a2200241 4500
008 000000n1999 000 0 eng u
020 _a0922154546
035 _a(Sirsi) u105415
100 _aMills, A.
245 4 _aThe valuation of apartment properties
260 _aChicago
_bAppraisal Institute
_c1999
300 _avii,120p.
_c26cm.
350 _a36.50
650 _aAPARTMENT INVESTMENT
650 _aAPARTMENTS
650 _aCOST APPROACH
650 _aFLATS
650 _aINCOME CAPITALISATION APPROACH
650 _aSALES COMPARISON APPROACH
690 _aPROPERTY-PROPERTY APPRAISAL AND VALUATION
700 _aReynolds, A.
942 _n0
999 _c100389
_d100389